[Event "29th Paul Keres Memorial 2020"]
[Site "Tallinn"]
[Date "2020.01.12"]
[Round "8.3"]
[White "Moiseenko, Alexander"]
[Black "Gareyev, Timur"]
[Result "1-0"]
[WhiteElo "2620"]
[BlackElo "2607"]
[Annotator "TA"]
[PlyCount "123"]
[EventDate "2020.01.11"]
[EventType "swiss"]
[EventCountry "EST"]
[SourceTitle "playchess.com"]
[Source "ChessBase"]
[SourceQuality "1"]

{[%evp 9,123,38,40,18,36,42,54,30,30,36,28,21,21,0,28,9,18,24,15,-8,22,-26,0,-20,0,-5,29,16,78,78,66,72,78,75,173,159,149,64,96,107,102,101,102,-5,-3,-2,-4,-4,-8,-10,-13,-7,0,0,0,0,0,0,116,110,125,108,120,99,550,543,580,267,445,458,477,319,452,458,424,335,422,421,421,414,418,408,491,475,538,344,389,366,506,507,713,676,910,902,873,805,786,770,940,537,731,674,6619,12793,29951,12307,9568,8120,29966,29964,29968,29970,29977,29977,29968,29955]} 1. d4 Nf6 2. c4 Nc6 3. Nf3 e6 4. g3 g6 (4... Bb4+ 5. Nbd2 d6 6. Bg2 a5 7. O-O Bxd2 8. Bxd2 Qe7 9. Qc2 e5 10. d5 Nb8 11. b3 O-O 12. a3 c6 {1-0 (81) Bluebaum,M (2644)-Sadhwani,R (2507) Moscow 2019}) 5. Bg2 Bg7 6. d5 {E10: Blumenfeld Gambit} Ne7 {[%cal Re6d5]} 7. Nc3 d6 8. dxe6 $146 {White is slightly better.} ({Predecessor:} 8. e4 O-O 9. dxe6 Bxe6 10. Qe2 Nd7 11. O-O {1-0 (34) Strizhachenko,Y (2100)-Mikhailovsky,V (1982) Omsk 2011}) 8... fxe6 9. O-O O-O 10. e4 Nc6 11. h3 Qe7 12. Be3 Nd7 13. Rc1 Nc5 14. Qe2 Bd7 15. Kh2 Rae8 16. a3 Nb3 17. Rcd1 b6 18. Nb5 Bc8 (18... Qd8 $11) 19. Qc2 $1 $16 {[%cal Rc2b3]} Nca5 20. Nxa7 Ba6 21. Nb5 $1 d5 (21... Qd7 $16) 22. exd5 $18 exd5 23. Bg5 (23. Rxd5 $6 c6 $11) (23. Rfe1 $16 Qe4 24. Qxe4 dxe4 25. Ng5 (25. Nxc7 exf3 26. Nxe8 Rxe8 $16)) 23... Qe4 24. Ne1 Qxc2 25. Nxc2 ({Of course not} 25. Bxd5+ Kh8 $15) 25... c6 {[#]} 26. Nc7 (26. Nb4 $1 $16 {[%cal Rb4a6]} dxc4 27. Nd6 (27. Nxa6 Re5 $16)) 26... Bxc4 $11 27. Nxe8 {Threatens to win with Rfe1.} Bxf1 28. Nxg7 Bxg2 29. Kxg2 Kxg7 30. Be3 Nc4 31. Rd3 Nc5 32. Bxc5 bxc5 {[%mdl 4096] Endgame KRN-KRN} 33. b3 Nb2 {[#]} (33... Nd6 $11 {remains equal.}) 34. Rd2 $1 $16 {aiming for Ne1.} c4 35. Nd4 $1 {[%csl LRb2,LRc6][%mdl 64] Discovered Attack} c3 36. Rc2 c5 $2 {[%mdl 8192]} (36... Nd1 $16 {is more resistant.}) 37. Ne6+ $18 {[%mdl 64] Double Attack} Kg8 38. Rxc3 (38. Nxf8 $142 d4 39. Ne6) 38... Re8 $2 (38... Ra8 39. Nxc5 (39. Rxc5 Rxa3 40. Rc8+ Kf7 $18) 39... Rxa3) 39. Nxc5 Re2 40. Re3 Rd2 (40... Rc2 $142) 41. Rf3 d4 42. Ne6 {[%csl Ge6][%cal Rf3f8]} h5 43. Rf8+ Kh7 44. Rf7+ Kh8 45. Rd7 d3 46. h4 Nd1 47. Nf4 Nxf2 48. Kf3 Ra2 {White must now prevent ...d2.} 49. Nxd3 Nxd3 50. Rxd3 Rxa3 {KR-KR} 51. Ke4 Kg7 52. Kd5 Kf6 53. Kc4 g5 54. Rd6+ Ke7 55. Rd5 gxh4 56. gxh4 Ra1 57. Rxh5 (57. b4 $142 Rc1+ 58. Kb5 Rc8 59. Rxh5 Rb8+ 60. Kc5 Rc8+ 61. Kd5 Rb8 62. Kc5) 57... Rc1+ 58. Kb5 Kf6 59. b4 {White mates.} Kg6 60. Rc5 Rh1 {[#]} 61. h5+ $1 Kf6 (61... Rxh5 62. Rxh5) 62. Kc6 {Accuracy: White = 57%, Black = 32%.} 1-0

[Event "29th Paul Keres Memorial 2020"]
[Site "Tallinn"]
[Date "2020.01.12"]
[Round "8.4"]
[White "Turov, Maxim"]
[Black "Fridman, Daniel"]
[Result "1/2-1/2"]
[WhiteElo "2567"]
[BlackElo "2622"]
[Annotator "TA"]
[PlyCount "60"]
[EventDate "2020.01.11"]
[EventType "swiss"]
[EventCountry "EST"]
[SourceTitle "playchess.com"]
[Source "ChessBase"]
[SourceQuality "1"]

{[%evp 12,60,21,21,10,22,22,15,37,52,44,41,45,47,29,3,9,0,-6,-2,0,0,0,-3,-10,-47,-37,-39,-38,-57,-49,-51,0,-21,-27,-27,-22,-25,-24,-35,-40,-59,-9,-12,-7,-12,4,4,4,4,4]} 1. Nf3 d5 2. g3 Nf6 3. Bg2 e6 4. O-O c5 5. d4 Nc6 6. c4 dxc4 7. dxc5 Qxd1 {E04: Open Catalan: 5 Nf3} 8. Rxd1 Bxc5 9. Nfd2 (9. Nbd2 c3 10. bxc3 O-O 11. Nb3 Be7 12. Nfd4 Nxd4 13. cxd4 Nd5 14. Na5 Bd7 15. Rb1 b6 16. Nc4 Nc3 17. Bxa8 Rxa8 18. Ba3 Bxa3 19. Nxa3 Nxe2+ {0-1 (50) Harikrishna,P (2731)-So,W (2760) Kolkata 2019}) 9... Nd4 10. Nc3 Nd5 11. Nxd5 exd5 12. Bxd5 O-O 13. Bxc4 $146 {Threatens to win with Ne4.} ({Predecessor:} 13. Kg2 Rd8 14. e4 Bg4 15. f3 {½-½ (57) Javakhishvili,L (2455)-Ushenina,A (2443) Astana 2019}) 13... Rd8 14. Bd3 Bg4 $36 {[%mdl 2048] Black is more active.} 15. Kf1 Bh3+ 16. Kg1 Bg4 17. Kf1 Re8 {[%cal Re8e2]} 18. Nb3 Nxe2 {[#] ...Bh3+ is the strong threat.} 19. Nxc5 {Strongly threatening Be3.} Bh3+ 20. Ke1 Nxc1+ 21. Be4 b6 (21... f5 $1 $15 22. Raxc1 b6) 22. Kd2 Rad8+ 23. Kxc1 {And now Rxd8 would win.} Rc8 {[%mdl 64] [#] Hoping for ...Rxe4. Pin} 24. Kd2 Rxc5 25. Re1 Rd8+ 26. Ke3 f5 27. Bb7 $1 {The position is equal.} Rc2 28. Rad1 Re8+ 29. Kd3 Rxe1 30. Kxc2 Rxd1 {Accuracy: White = 46%, Black = 73%.} 1/2-1/2

[Event "29th Paul Keres Memorial 2020"]
[Site "Tallinn"]
[Date "2020.01.12"]
[Round "8.5"]
[White "Neiksans, Arturs"]
[Black "Alekseev, Evgeny"]
[Result "1/2-1/2"]
[WhiteElo "2560"]
[BlackElo "2623"]
[Annotator "TA"]
[PlyCount "147"]
[EventDate "2020.01.11"]
[EventType "swiss"]
[EventCountry "EST"]
[SourceTitle "playchess.com"]
[Source "ChessBase"]
[SourceQuality "1"]

{[%evp 21,147,53,77,63,66,45,41,45,44,43,66,60,61,59,56,25,47,17,43,22,27,30,43,43,62,6,47,47,47,47,47,43,47,44,47,47,47,47,47,6,47,47,52,33,27,25,45,19,45,25,46,25,46,25,50,25,24,25,38,0,38,38,64,37,37,14,14,17,45,15,39,32,39,38,37,37,38,38,44,38,38,24,44,44,98,38,38,38,76,76,76,20,76,76,80,38,90,76,76,38,76,76,76,49,83,0,78,0,0,0,0,0,0,0,0,0,4,4,11,11,11,0,0,0,0,0,0,0]} 1. e4 c5 2. Nf3 e6 3. g3 Nc6 4. Bg2 Nf6 5. Nc3 a6 6. O-O Qc7 7. Re1 d6 8. d4 cxd4 9. Nxd4 Bd7 10. Nxc6 bxc6 11. Na4 Rd8 12. c4 {B80: Sicilian Scheveningen: 6 g3 and 6 Be3, including English Attack} c5 13. Nc3 (13. b3 Be7 14. Nc3 O-O 15. Bb2 Bc6 16. Qe2 Rfe8 17. Rad1 Nd7 18. Qd2 Ne5 19. f4 Ng6 {0-1 (38) Navara,D (2663)-Movsesian,S (2645) Prague 2005}) 13... Be7 14. Bf4 {White is slightly better.} Bc6 15. Qe2 e5 $146 ({Predecessor:} 15... O-O 16. Rad1 Nd7 17. g4 Ne5 18. Bc1 Ba8 19. g5 Rfe8 {½-½ (48) Gruenfeld,Y (2550)-Franzoni,G (2375) Biel 1986}) 16. Be3 O-O 17. Rad1 Qb7 {[%cal Rf6e4]} 18. Bc1 Rfe8 19. Bh3 Nd7 20. f3 Nf8 21. Nd5 Rb8 22. Rd3 Bxd5 23. Rxd5 (23. cxd5 $14 h6 24. Ra3) 23... Ne6 24. Bxe6 $1 fxe6 25. Rd3 a5 26. Qc2 Qc6 27. Ra3 Bd8 28. Kg2 Bc7 29. Rd1 Rb7 30. Bd2 Reb8 31. Bc3 Ra8 32. Qa4 (32. Ra4 {looks sharper.} Qe8 33. b3 Qh5 34. Qd2 Rba7 35. Rf1) 32... Qxa4 33. Rxa4 Kf7 34. Kf1 Ke7 35. Ke2 Rf8 36. Rd3 g6 37. Kd1 Ra8 38. Kc2 g5 39. Bd2 Kf6 40. Rda3 Rba7 41. Rb3 Kg6 42. Rb5 h5 43. Kd3 Rf8 44. Ke2 Rfa8 45. Be3 Kf6 46. Kf1 Kg6 47. Kg2 Kf6 48. h3 Kg6 49. Bf2 Bd8 50. g4 Bc7 51. a3 Ra6 52. Rb7 Bd8 (52... R8a7 $14 53. Rxa7 Rxa7) 53. Be1 (53. gxh5+ $16 Kxh5 54. Rh7+ Kg6 55. Rd7) 53... hxg4 $14 54. hxg4 Bf6 55. Bd2 Bd8 56. Kf1 (56. Rd7 $16) 56... Bf6 (56... R6a7 $11 57. Rxa7 Rxa7) 57. Ke2 $16 Bd8 58. Kd1 Bf6 (58... R6a7 $14 59. Rxa7 Rxa7) 59. Kc2 Bd8 60. Kb1 Bf6 61. Bc3 Bd8 62. Kc2 Bf6 63. Kb1 Bd8 $1 64. b4 ({Better is} 64. Rd7 $16) 64... axb4 {The position is equal.} 65. Rxa6 Rxa6 66. axb4 cxb4 67. Bxb4 $11 {[%mdl 4096] Endgame KRB-KRB} Rc6 68. Kb2 Rxc4 69. Bxd6 Bf6 70. Rb5 Rd4 71. Bxe5 Rd2+ 72. Kc1 Rd3 73. Bxf6 Kxf6 74. e5+ {Accuracy: White = 41%, Black = 41%.} 1/2-1/2

[Event "29th Paul Keres Memorial 2020"]
[Site "Tallinn"]
[Date "2020.01.12"]
[Round "8.6"]
[White "Tiviakov, Sergei"]
[Black "Shishkov, Andrei"]
[Result "1/2-1/2"]
[WhiteElo "2608"]
[BlackElo "2390"]
[Annotator "TA"]
[PlyCount "118"]
[EventDate "2020.01.11"]
[EventType "swiss"]
[EventCountry "EST"]
[SourceTitle "playchess.com"]
[Source "ChessBase"]
[SourceQuality "1"]

{[%evp 9,118,11,16,-4,0,0,0,0,0,-22,0,0,0,0,0,0,0,0,0,0,0,-15,0,-7,0,0,0,0,0,-35,1,-26,3,-44,-19,-18,-28,-34,-30,-28,-40,-31,13,17,43,10,9,0,6,-9,16,14,14,9,41,4,19,-44,-48,-40,45,0,7,0,30,29,44,-32,33,13,87,12,157,156,234,79,91,72,331,399,405,394,404,400,382,369,358,268,264,257,202,194,193,186,214,193,268,252,319,68,363,332,322,68,68,68,68,68,68,68,68]} 1. e4 c5 2. c3 Nf6 3. e5 Nd5 4. Nf3 e6 5. Bc4 d6 6. exd6 {B22: Sicilian: 2 c3} (6. d4 cxd4 7. cxd4 Be7 8. O-O O-O 9. Bd2 dxe5 10. dxe5 Nd7 11. Nc3 N7b6 12. Bb3 Nxc3 13. Bxc3 Nd5 14. Bxd5 Qxd5 15. Qe2 Bd7 {½-½ (36) Abasov,N (2641)-Saric,I (2681) Konya 2019}) 6... Bxd6 7. d4 cxd4 8. Qxd4 {The position is equal.} O-O 9. O-O Nc6 10. Qe4 Nf6 11. Qe2 e5 12. Nbd2 Bf5 13. Ng5 Na5 14. Bd3 $146 ({Predecessor:} 14. Nde4 Nxc4 15. Qxc4 Rc8 {0-1 (54) Stetson,R-Wozney,T Ventura 1971}) 14... Bxd3 15. Qxd3 Bc7 16. Qe2 h6 17. Nge4 Nxe4 18. Nxe4 f5 19. Nc5 {And now Ne6 would win.} Qe7 (19... Qd5 $5 {[%cal Rd5c5]} 20. b4 Rad8 $15) 20. b4 Bd6 21. Be3 (21. Ne4 $5 {[%cal Re4d6]} Nc6 22. Nxd6 Qxd6 23. Ba3 $11) 21... b6 22. Na6 Nb7 23. f3 Rac8 24. Rac1 $1 Rfd8 25. a3 Qh4 26. c4 $1 $36 {[%cal Rc4c5][%mdl 2048] Threatening c5. Black is under pressure.} Bf8 27. c5 (27. Bf2 $5 {[%cal Rf2h4]} Qf6 28. Rfe1 $14) 27... bxc5 28. bxc5 {next c6 is good for White.} (28. Nxc5 {seems wilder.} Nxc5 29. Bf2 Qf6 30. Bxc5 Bxc5+ 31. Rxc5 Rxc5 32. bxc5 Rc8 33. Qc4+) 28... Qa4 29. Rc3 Na5 {[%cal Bb7a5,Ba5c6,Bc6d4][%mdl 32]} 30. Nb4 Nc6 31. Bf2 Re8 32. Rb1 Nd4 33. Qa2+ (33. Bxd4 $11 exd4 34. Qc4+ {[%mdl 64] Double Attack} Kh7 35. Nd3 Qxc4 36. Rxc4) 33... Kh8 34. Nd3 Qc6 (34... e4 $15 35. Rc4 Ne2+ $1 {[%mdl 512]} 36. Kh1 Qd7 37. Qxe2 exd3) 35. Rbc1 (35. Bxd4 $5 exd4 36. Rc2 $14) 35... Rcd8 36. Bxd4 exd4 37. Rc4 a5 38. f4 (38. Rd1 $14) 38... Qe4 (38... Re3 $15 39. Ne5 Qd5) 39. Rd1 g6 (39... Rc8 $11 {remains equal.}) 40. c6 (40. Rcc1 $16) 40... Bg7 (40... Bd6 $11) 41. Qc2 $16 Qe3+ {[#]} (41... Qd5 $16) 42. Kh1 $2 (42. Kf1 $1 $18 {is the precise move to win.} Qe6 43. c7) 42... Rc8 43. h3 {Re1 is the strong threat.} Rc7 $2 {[%mdl 8192]} (43... Qg3 $16) 44. Re1 $18 Qxe1+ 45. Nxe1 Rxe1+ 46. Kh2 Re6 47. Qa4 Kh7 48. Qxa5 Rcxc6 49. Rxc6 Rxc6 {[%mdl 4096] Endgame KQ-KRB} 50. Qd5 Ra6 {[#]} 51. Qb3 $1 Rd6 {intending ...d3.} 52. Qd3 Rd5 (52... Rc6 $142 53. a4 Rc3) 53. a4 h5 54. h4 $2 (54. Kg3 $18) 54... Kh6 $2 {[%mdl 8192]} (54... Ra5 $14) 55. Kg3 Bf6 56. Kh3 $2 (56. Qa6 $18 Bg7 57. Qc6) 56... Ra5 $14 {White is slightly better.} 57. Qb3 {Threatens to win with Qb6.} Ra8 58. g3 d3 59. Qxd3 {Strongly threatening Qb5.} Rxa4 {Accuracy: White = 45%, Black = 40%.} 1/2-1/2

[Event "29th Paul Keres Memorial 2020"]
[Site "Tallinn"]
[Date "2020.01.12"]
[Round "9.1"]
[White "Moiseenko, Alexander"]
[Black "Kuzubov, Yuriy"]
[Result "1/2-1/2"]
[WhiteElo "2620"]
[BlackElo "2644"]
[Annotator "TA"]
[PlyCount "40"]
[EventDate "2020.01.11"]
[EventType "swiss"]
[EventCountry "EST"]
[SourceTitle "playchess.com"]
[Source "ChessBase"]
[SourceQuality "1"]

{[%evp 14,40,16,12,31,24,24,24,31,38,29,36,27,0,3,4,11,0,0,-25,7,-3,0,0,0,0,0,0,0]} 1. d4 Nf6 2. c4 e6 3. Nc3 Bb4 4. Nf3 d5 5. Bg5 h6 6. Bxf6 Qxf6 7. e3 O-O 8. Rc1 Rd8 {D38: Queen's Gambit Declined: Ragozin Defence (4 Nf3 Bb4)} (8... dxc4 9. Bxc4 c5 10. Qb3 Nc6 11. dxc5 Bxc5 12. Ne4 Qe7 13. Nxc5 Qxc5 14. O-O Qe7 15. Bd3 Qb4 16. Qxb4 Nxb4 17. Bc4 Bd7 18. Ne5 Rfd8 19. Nxd7 Rxd7 20. a3 Nc6 21. Bb5 Rd2 22. Bxc6 {½-½ (22) Giri,A (2776)-Anand,V (2757) Bucharest 2019}) 9. Qb3 Qe7 10. a3 Ba5 {White has an edge.} 11. Be2 $146 ({Predecessor:} 11. Qa4 Bxc3+ 12. Rxc3 Nd7 13. Qc2 c6 14. Bd3 dxc4 15. Bxc4 b6 16. Ba2 c5 17. Bb1 {½-½ (17) Sharavdorj,D (2411)-Yermolinsky,A (2546) Kansas 2003}) 11... c6 12. O-O Nd7 {[%cal Bb8d7,Bd7f8,Bf8e6][%mdl 32]} 13. Qc2 dxc4 14. Bxc4 e5 15. Rfd1 exd4 16. exd4 Nf8 (16... Bxc3 $5 17. Qxc3 Nb6 $11) 17. d5 {The position is equal.} Bxc3 18. Qxc3 cxd5 19. Bxd5 Be6 {[#] ...Rac8 is the strong threat.} 20. Bxe6 Nxe6 1/2-1/2

[Event "29th Paul Keres Memorial 2020"]
[Site "Tallinn"]
[Date "2020.01.12"]
[Round "9.2"]
[White "Fridman, Daniel"]
[Black "Kovalenko, Igor"]
[Result "1/2-1/2"]
[WhiteElo "2622"]
[BlackElo "2640"]
[Annotator "TA"]
[PlyCount "57"]
[EventDate "2020.01.11"]
[EventType "swiss"]
[EventCountry "EST"]
[SourceTitle "playchess.com"]
[Source "ChessBase"]
[SourceQuality "1"]

{[%evp 12,57,12,2,10,11,14,17,39,25,37,33,64,58,57,47,46,39,61,60,54,53,75,0,77,77,82,0,118,108,302,275,345,351,508,512,478,413,413,0,0,0,0,0,0,0,0,0]} 1. d4 Nf6 2. Nf3 b6 3. Bg5 e6 4. e4 h6 5. Bxf6 Qxf6 6. Bd3 Bb7 7. O-O g5 {A46: 1 d4 Nf6 2 Nf3 e6: Torre, London and Colle Systems} 8. c3 Nc6 9. Nbd2 g4 (9... h5 10. Qe2 g4 11. Ne1 e5 12. d5 Ne7 13. a4 a5 14. g3 h4 {0-1 (28) Wen,Y (2614)-Inarkiev,E (2729) China 2016}) 10. Ne1 h5 $146 ({Predecessor:} 10... Qg7 11. Nc2 O-O-O 12. a4 h5 13. b4 Bd6 14. a5 h4 15. axb6 axb6 {0-1 (30) Cremerius,A-Gamza,P Germany 1995}) 11. f4 gxf3 12. Nexf3 Qg7 13. Qe2 a5 14. Nc4 $36 {[%mdl 2048] White has good play.} Rg8 15. Rf2 O-O-O 16. a3 Ne7 17. Qf1 (17. b4 $16) 17... d5 (17... f5 $11 {keeps the balance.} 18. exf5 Nxf5) 18. Ncd2 $16 dxe4 19. Nxe4 (19. Bxe4 $16 Nd5 20. b4) 19... Nd5 (19... Kb8 $11) 20. Ba6 {aiming for Ne5.} Be7 $2 (20... Kb8 $16 {was called for.}) 21. Ne5 $18 {Strongly threatening Qb5!} f5 {[#]} 22. Qb5 $1 {[%cal Rb5c6][%mdl 512] Intending Qc6! and mate.} Kb8 {[#]} (22... Nf4 $142) 23. Nc6+ $1 Ka8 24. Bxb7+ Kxb7 25. Nxa5+ $2 ({Less strong is} 25. Nxd8+ Rxd8 26. Nc5+ Bxc5 $18) (25. Nc5+ $18 Bxc5 26. dxc5) 25... Kc8 $11 {The position is equal.} 26. Nc5 Bxc5 $1 27. Qa6+ Kd7 {...Bxd4 is the strong threat.} 28. Qb5+ {[%mdl 64] Double Attack} Kc8 29. Qa6+ {Accuracy: White = 73%, Black = 38%.} 1/2-1/2

[Event "29th Paul Keres Memorial 2020"]
[Site "Tallinn"]
[Date "2020.01.12"]
[Round "9.3"]
[White "Meshkovs, Nikita"]
[Black "Turov, Maxim"]
[Result "0-1"]
[WhiteElo "2565"]
[BlackElo "2567"]
[Annotator "TA"]
[PlyCount "74"]
[EventDate "2020.01.11"]
[EventType "swiss"]
[EventCountry "EST"]
[SourceTitle "playchess.com"]
[Source "ChessBase"]
[SourceQuality "1"]

{[%evp 9,74,12,14,16,23,24,45,45,47,40,45,30,120,106,107,112,111,102,118,80,70,69,43,36,43,26,40,16,16,14,23,0,0,0,0,-16,0,0,0,9,40,36,312,83,170,8,0,-10,-13,-195,-183,-243,-131,-128,-131,-444,-314,-343,0,-263,-229,-884,-894,-895,-852,-866,-849]} 1. g3 e5 2. c4 Nf6 3. Bg2 h6 (3... c6 4. Nf3 e4 5. Nd4 Qb6 6. Nc2 d5 7. cxd5 cxd5 8. Nc3 Nc6 9. O-O Be7 10. d3 {½-½ (10) Tomashevsky,E (2705)-Giri,A (2769) Moscow 2019}) 4. b3 Bc5 5. Bb2 d6 6. e3 {A20: English Opening: 1...e5} O-O 7. Ne2 a6 $146 ({Predecessor:} 7... Nc6 8. O-O a6 9. h3 Re8 10. a3 Ba7 11. Nbc3 {0-1 (29) Steiner,B (2247)-Krnan,T (2440) Tatranske Zruby 2015}) 8. O-O {White is slightly better.} Ba7 9. d4 e4 10. Nd2 Re8 (10... Bf5 $1 $11 {remains equal.}) 11. Nc3 $1 $16 Bf5 12. f3 exf3 13. Qxf3 {[%mdl 64] Double Attack} Bc8 14. Nd5 {[%cal Rd5f6]} Nbd7 15. e4 c6 16. Nxf6+ Qxf6 17. Qe3 Qg5 18. Qf2 (18. Qc3 {keeps more tension.} Qh5 19. b4 c5 20. bxc5 dxc5 21. d5) 18... Qf6 19. Qxf6 Nxf6 20. Rae1 Bg4 21. h3 Bh5 22. Kh2 Rad8 23. b4 Nd7 24. Nb3 c5 25. e5 Nb6 $2 {[%mdl 8192]} (25... cxb4 $14 26. Bxb7 dxe5) 26. Na5 $2 ({Stronger than} 26. Bxb7 Nxc4 27. exd6 Rxe1 $15) (26. bxc5 dxc5 27. d5 Nxc4 $11) (26. exd6 $1 $18 {and the rest is easy.} Nxc4 27. Rxe8+ Rxe8 28. dxc5 Nxb2 29. Na5 (29. Bxb7 Nd3 $14)) 26... cxd4 (26... cxb4 $16 27. Nxb7 Nxc4) 27. Nxb7 $2 (27. exd6 $18 {Strongly threatening Rxe8+.} Be2 28. c5 Bxf1 29. Rxf1) 27... Nxc4 $11 {[%mdl 64] Double Attack} 28. Nxd8 Rxd8 29. exd6 $2 (29. e6 $1 $11 Nxb2 30. exf7+ Kf8 31. Bc6 Bxf7 32. Rf3) 29... Nxb2 $19 30. Re7 (30. Re5 {is a better defense.} Bg6 31. Re7) 30... Bb6 (30... Bb8 $19 31. Rf5 Bxd6) 31. d7 $17 d3 $1 {...f6 is the strong threat.} 32. Be4 $2 {[%mdl 8192]} (32. Re8+ $17 {is a better chance.} Kh7 33. Rxd8 Bxd8 34. Bd5) 32... Kf8 33. Re6 Be2 $2 {[#]} ({Less strong is} 33... Rxd7 34. Rxb6 Be2 35. Rf2 $17) (33... d2 $19 34. Rxb6 Be2) 34. Bc6 $2 {[%mdl 8192]} (34. Re8+ $1 $11 {[%mdl 512] and White has nothing to worry.} Rxe8 {[#]} 35. Rxf7+ $1 {[%mdl 576] Remove Defender} Kxf7 36. Bg6+ $1 {[%mdl 512]} Kxg6 37. dxe8=Q+ Kh7 38. Qe4+ Kh8 39. Qe8+ Kh7 40. Qe4+ Kh8 41. Qe8+ Kh7) 34... g6 35. Rf4 $2 (35. Re8+ Kg7 36. Rb1) 35... d2 $19 {Black is clearly winning.} 36. Re8+ Kg7 37. Re7 Bc4 {Accuracy: White = 38%, Black = 42%.} ({And not} 37... d1=Q 38. Rfxf7+ Kg8 39. Rg7+ {[%mdl 64] Double Attack} Kh8 40. Rh7+ {[%mdl 64] Double Attack} Kg8 41. Rhg7+ Kh8 42. Rh7+ {[%mdl 64] Double Attack} Kg8 43. Rhg7+ $11) 0-1

[Event "29th Paul Keres Memorial 2020"]
[Site "Tallinn"]
[Date "2020.01.12"]
[Round "9.4"]
[White "Reprintsev, Alexander"]
[Black "Neiksans, Arturs"]
[Result "1-0"]
[WhiteElo "2353"]
[BlackElo "2560"]
[Annotator "TA"]
[PlyCount "49"]
[EventDate "2020.01.11"]
[EventType "swiss"]
[EventCountry "EST"]
[SourceTitle "playchess.com"]
[Source "ChessBase"]
[SourceQuality "1"]

{[%evp 9,63,-13,31,27,43,31,43,53,280,262,361,312,392,378,437,438,487,397,412,403,401,405,394,327,554,324,400,389,372,372,410,319,358,352,400,298,447,445,697,684,817,696,882,663,659,641,29984,29985,29984,5086,29986,29987,29987,29988,29985,1832]} 1. e4 c5 2. b3 b6 3. Bb2 Bb7 4. Qf3 $146 (4. Nc3 e6 5. f4 a6 6. Qe2 Nc6 7. O-O-O b5 8. Nf3 Qa5 9. Kb1 c4 10. d3 cxb3 11. cxb3 Ba3 12. Bxa3 Qxa3 {½-½ (63) Motylev,A (2686)-Moiseenko,A (2707) Yaroslavl 2014}) 4... Nf6 5. Nc3 d6 6. O-O-O {B20: Sicilian: Unusual White 2nd moves} e6 7. g4 $1 Nc6 8. g5 {White is slightly better.} Nd4 $2 (8... Nd7 $14) 9. gxf6 $18 gxf6 10. Qh5 a6 11. Nge2 b5 12. Bh3 b4 13. Na4 Bxe4 {And now ...Bf3 would win.} 14. Nxd4 cxd4 15. Rhe1 ({Less strong is} 15. Bxe6 Bg6 $18) 15... Bg6 16. Qf3 Bh6 $2 (16... Rc8) 17. Bf5 Rc8 18. Bxg6 hxg6 19. Bxd4 Bg5 20. Bb6 Qd7 21. Re4 Qc6 {[%csl Gc8][%cal Rc6c2]} 22. Qd3 d5 (22... Rh3 $142 23. Be3 Qb7) 23. Rxb4 e5 (23... a5 $142) 24. Bc5 e4 25. Re1 {Played: Qd3-d4} 1-0